000
00302nam 22001213 4500
001
191220
090
_a
191220
100
_a
20240809d u||y0pory50 ba
101
_a
por
102
_a
PT
200
_a
S. João de Deus
_e
(resumo Histórico)
_f
Fr. Bernardino de S. José , O.H.
801
_a
PT
_b
BMMN
_g
RPC
990
_c
LIVROS